000 00800nam a22002417a 4500
005 20170124110203.0
010 _aA-805972
020 _c00.00
_a8185972958
035 _aA-805972
037 _bCen Lib/Ret
040 _aDPL
_bEN
082 _a027.009
_bALL
100 _aAllauddin
_936709
245 _aLibraries and librarinship during muslim rule in india /
_cby Allauddin [and] R.K. Rout
260 _aNew Delhi
_bReliance Publishing House
_c1996
270 _bNew Delhi
_a3026/7H, ranjit nagar
_e110008
300 _a298p.
_c19cm(Hb)
500 _aIncludes bibliographical references and index
650 _aLibrary science
_936710
650 _aHistorical aspects
_xMuslim rule
_zIndia
_936711
700 _aRout, R.K.
_936712
942 _2ddc
_cEN
_h027.009
_mALL
999 _c133067
_d133067